000 00718nam a2200241 i 4500
001 C2-0200121
003 PPAK
005 20180728100443.0
008 990203s1995 my a|||| ||||| | eng d
020 _a9679999688
040 _aPPAK
_beng
_cPPAK
_erda
082 0 4 _a338.04092595
_2 23
090 0 0 _a338.04092595
_bMAL
_dG
100 0 _aTunku Naquiyuddin Ibni Tuanku Ja'afar,
_eauthor
245 1 0 _aMalaysian entrepreneurs
264 1 _aKuala Lumpur :
_bMalaysian Institute of Management ,
_c1995
300 _aix, 106 pages :
_billustrations ;
_c22 cm
336 _2rdacontent
_atext
337 _2rdamedia
_aunmediated
338 _2rdacarrier
_avolume
650 1 0 _aBusinessman - Malaysia
942 _ddc
_cB
999 _c156830
_d156830